| 000 | nam a22 a 4500 | ||
|---|---|---|---|
| 999 |
_c148491 _d148491 |
||
| 003 | BLK | ||
| 005 | 20230328161047.0 | ||
| 008 | 180410b bul|||||r ||||||| ||bul|| | ||
| 010 | _aKNG00154714000 | ||
| 040 | _aBLK | ||
| 041 |
_aTUR _cDRU _hBUL |
||
| 080 |
_aЛексикология. Езикови речници и разговорници. Лексикография _b81`374 _x=512.161=163.2 _z81`374=512.161=163.2 |
||
| 080 |
_aТурски език _b811.512.161 _x-318 _z811.512.161-318 |
||
| 080 |
_aБългарски език _b811.163.2 _x-318 _z811.163.2-318 |
||
| 139 |
_aСамарджиева, Вера Иванова _bС 16 |
||
| 245 | 1 | 0 |
_aУчебен турско-български фразеологичен речник _cсъстав. Вера Иванова Самарджиева. |
| 257 | _aBGR | ||
| 260 |
_aСофия _bУнив. изд. Св. Климент Охридски _c1992 |
||
| 300 |
_a594 с. _c21 см |
||
| 380 | _a80 | ||
| 650 | 4 |
_aТурски език - речници, турско-български, фразеологични _9330041 |
|
| 653 | _aтурски език | ||
| 653 | _aтурско-български речници | ||
| 653 | _aфразеологични речници | ||
| 700 | 1 |
_aСамарджиева, Вера Иванова _eсъстав. _9321601 |
|
| 852 |
_aЦб 171452 _bЦб |
||
| 856 | 4 |
_qpdf _i0.00 _ldisable |
|
| 856 | 4 |
_qpdf _i0.00 _ldisable |
|
| 942 |
_cKNG _n0 _s1 |
||
| 944 |
_aCR _c13.12.2013 _kТеодора_Стоянова |
||
| 944 |
_aED _c13.12.2013 |
||
| 999 | _d148491 | ||
| 999 | _d148491 | ||
| 999 | _d148491 | ||
| 999 | _d148491 | ||